Least Spoken European Official Languages - Statistics

General Stats
  • This quiz has been taken 624 times
  • The average score is 11 of 16
Answer Stats
Speakers Language % Correct
1,165,000 Estonian
82%
240,000 Irish
82%
0 Latin
82%
1,750,000 Latvian
82%
3,000,000 Lithuanian
82%
520,000 Maltese
76%
4,000,000 Catalan
73%
333,000 Icelandic
73%
336,000 Luxembourgish
72%
1,400,000 Macedonian
70%
2,100,000 Slovene
69%
37,000 Romansh
66%
3,300,000 Belarusian
63%
2,500,000 Bosnian
63%
4,700,000 Norwegian
57%
233,000 Montenegrin
56%
No matching quizzes found
Score Distribution
Percent of People with Each Score
Percentile by Number Answered
Your Score History
You have not taken this quiz